000 00886cam a22002893a 4500
001 34805
003 PGUSA
005 20140828083742.0
008 110101s2011||||xxu|||||s|||||000 1 eng d
040 _aPGUSA
_beng
042 _adc
050 4 _aPZ
100 1 _aS. L. M.
245 1 0 _aBetty's Battles :
_ban Everyday Story
_h[electronic resource] /
_cS. L. M.
260 _bProject Gutenberg,
_c2011
506 _aPublic domain in the USA.
516 _aElectronic text
653 _aChristian life -- Juvenile fiction
653 _aFamily life -- Juvenile fiction
653 _aSalvation Army -- Juvenile fiction
653 _aYoung women -- Conduct of life -- Juvenile fiction
700 1 _aBradley, Gertrude M.
700 1 _aBooth, Bramwell,
_cMrs,
_d1861-1957
830 0 _aProject Gutenberg
_v34805
856 4 0 _uhttp://www.gutenberg.org/ebooks/34805
942 _cEB
999 _c264060
_d264060